Countries Visiting Cuba the Most - Statistics

General Stats
  • This quiz has been taken 689 times
  • The average score is 10 of 12
Answer Stats
Visitors Visiting Country % Correct
284,552 United States
98%
131,353 Mexico
96%
1,205,809 Canada
94%
194,815 United Kingdom
93%
187,468 France
92%
153,340 Spain
92%
242,355 Germany
89%
191,585 Italy
83%
65,386 Russia
79%
94,727 Argentina
65%
51,860 Chile
52%
52,613 Netherlands
50%
No matching quizzes found
Score Distribution
Percent of People with Each Score
Percentile by Number Answered
Your Score History
You have not taken this quiz